| 000 | 00776nam a2200253Ia 4500 | ||
|---|---|---|---|
| 003 | OSt | ||
| 005 | 20221005051642.0 | ||
| 006 | a|||||r|||| 00| 0 | ||
| 007 | ta | ||
| 008 | 221004b |||||||| |||| 00| 0 eng d | ||
| 020 |
_a9780567271662 (pbk) _c1716.43 |
||
| 024 | _a21948 | ||
| 037 |
_b7429, 10/03/2015, Efficient Book Distributors _cTextual |
||
| 040 |
_aCRL _cCRL _beng |
||
| 041 |
_2eng _aeng |
||
| 082 | _aR3xM891:g(Q), P6 | ||
| 100 |
_aLabron Tim _9596266 |
||
| 245 | 0 | _aWittgenstein's religious point of view | |
| 260 |
_aLondon _bBloomsbury UK _c2006 |
||
| 300 |
_avi,163p. _ccm. |
||
| 650 | _aPHILOSOPHY | ||
| 942 |
_hR3xM891:g(Q), P6 _cTEXL _2cc |
||
| 999 |
_c959118 _d959118 |
||